Amores infieles (Record no. 183570)

MARC details
000 -LEADER
campo de control de longitud fija 00783nam a2200241 i 4500
001 - NÚMERO DE CONTROL
campo de control 183570
003 - IDENTIFICADOR DE NÚMERO DE CONTROL
campo de control ES-MaACL
005 - FECHA Y HORA DE LA ÚLTIMA TRANSACCIÓN
campo de control 20231107123723.0
008 - DATOS DE LONGITUD FIJA--INFORMACIÓN GENERAL
campo de control de longitud fija 140722s2014 sp c | |||||||| |dspa d
020 ## - NÚMERO INTERNACIONAL ESTÁNDAR DEL LIBRO
Número Internacional Estándar del Libro 978-84-15916-32-1
080 ## - NÚMERO DE LA CLASIFICACIÓN DECIMAL UNIVERSAL
Número de la Clasificación Decimal Universal 82"19/20"
245 00 - MENCIÓN DEL TÍTULO
Título Amores infieles
Resto del título : en el salón de las voces vírgenes /
Mención de responsabilidad, etc. Antonino Nieto Rodríguez (coord.).
250 ## - MENCION DE EDICION
Mención de edición 1ª ed.
260 ## - PUBLICACIÓN, DISTRIBUCIÓN, ETC.
Lugar de publicación, distribución, etc. Madrid :
Nombre del editor, distribuidor, etc. Pigmalión,
Fecha de publicación, distribución, etc. imp.2014.
300 ## - DESCRIPCIÓN FÍSICA
Extensión 430 p. :
Otras características físicas retr. ;
Dimensiones 21 cm.
650 07 - PUNTO DE ACCESO ADICIONAL DE MATERIA--TÉRMINO DE MATERIA
Término de materia o nombre geográfico como elemento de entrada Literatura-
Subdivisión cronológica S.XX.
9 (RLIN) 14497
650 #7 - PUNTO DE ACCESO ADICIONAL DE MATERIA--TÉRMINO DE MATERIA
Término de materia o nombre geográfico como elemento de entrada Literatura-
Subdivisión cronológica S.XXI.
9 (RLIN) 155050
700 1# - ENTRADA AGREGADA--NOMBRE PERSONAL
Nombre de persona Nieto Rodríguez, Antonino.
9 (RLIN) 152971
852 ## - LOCALIZACIÓN
Ubicación ES-MaACL
Número de control de estantería A-13179
itemnumber 190512
Sublocalización o colección R.150094
Ubicación en estantería Depósito 1
Signatura antigua Olim: N-6179
942 ## - ELEMENTOS DE ENTRADA SECUNDARIOS (KOHA)
Fuente del sistema de clasificación o colocación Clasificación decimal universal
Tipo de ítem Koha Libro impreso
Holdings
Estatus retirado Estado de pérdida Fuente del sistema de clasificación o colocación Estado de daño No para préstamo Biblioteca de origen Biblioteca actual Ubicación en estantería Fecha de adquisición Fuente de adquisición Total de préstamos Signatura topográfica completa Código de barras Visto por última vez Precio de reemplazo Tipo de ítem Koha
    Clasificación decimal universal     Biblioteca del Ateneo de Madrid Biblioteca del Ateneo de Madrid Depósito 1 22/07/2014 Donación   A-13179 1192951 23/02/2023 23/02/2023 Libro impreso